000 00612nam a2200157Ia 4500
008 090711s9999 xx 000 0 und d
082 _b53714
100 _aसाठवणे पां. आ.
245 _aSाुंबक िSाकित्साशास्त्रे भाग 2
260 _c1971
600 _aसाठवणे पां. आ.
630 _aSाुंबक िSाकित्साशास्त्रे भाग 2
700 _aसाठवणे पां. आ.
730 _aSाुंबक िSाकित्साशास्त्रे भाग 2
942 _cBOOK
999 _c320517
_d320517